LEADER 01287nam a2200277 i 4500 001 991002506919707536 008 070604s1999 it a 000 0 ita d 020 $a8887380147 035 $ab13537829-39ule_inst 040 $aDip.to Ingegneria dell'Innovazione$beng 082 0 $a621.381548 100 1 $aPisani, Umberto$028313 245 10$aMisure elettroniche :$bstrumentazione elettronica di misura /$cUmberto Pisani 260 $aTorino :$bPoliteko,$cc 1999 300 $aiv, 348 p. :$bill. ;$c24 cm 650 4$aElectronic measurements 650 4$aMeasuring instruments 650 4$aElectronic instruments 907 $a.b13537829$b27-06-16$c04-06-07 912 $a991002506919707536 945 $aLE026 621.381548 D PIS 01.01 C.1 1999$cC.1$g1$i2026000014272$lle026$nFondo CDS$op$pE21.80$q-$rn$s- $t1$u2$v0$w2$x0$y.i14473732$z04-06-07 945 $aLE026 621.381548 D PIS 01.01 C.2 1999$cC.2$g0$i2026000014289$lle026$nFondo CDS$op$pE21.80$q-$rl$s- $t0$u12$v1$w12$x0$y.i14473756$z04-06-07 945 $aLE026 621.381548 D PIS 01.01 C.3 1999$cC.3$g1$i2026000070346$lle026$nProf. Trotta / Biblioteca$op$pE22.27$q-$rl$s- $t0$u3$v0$w3$x0$y.i15726757$z27-06-16 996 $aMisure elettroniche$9328785 997 $aUNISALENTO 998 $ale026$b04-06-07$cm$da $e-$fita$git $h0$i0 LEADER 01460nam 2200457 450 001 9910795699203321 005 20200520144314.0 010 $a88-921-5248-3 035 $a(CKB)5120000000186420 035 $a(MiAaPQ)EBC2097451 035 $a(Au-PeEL)EBL2097451 035 $a(CaPaEBR)ebr11079342 035 $a(OCoLC)914433646 035 $a(EXLCZ)995120000000186420 100 $a20150803h20122012 uy 0 101 0 $aita 135 $aurcnu|||||||| 181 $2rdacontent 182 $2rdamedia 183 $2rdacarrier 200 13$aLa prestazione dell'organizzatore nel contratto di viaggio /$fRaffaella Pasquili 210 1$aTorino, [Italy] :$cG. Giappichelli Editore,$d2012. 210 4$d2012 215 $a1 online resource (205 pages) 225 0 $aPrincipi Regole e Sistema. Biblioteca di diritto privato. Sezione Monografie ;$vI 311 $a88-348-3659-6 606 $aTourism$xLaw and legislation$zItaly 606 $aTravel agents$xLegal status, laws, etc$zItaly 606 $aTravel contracts$zItaly 615 0$aTourism$xLaw and legislation 615 0$aTravel agents$xLegal status, laws, etc. 615 0$aTravel contracts 676 $a343.45078 700 $aPasquili$b Raffaella$0478771 801 0$bMiAaPQ 801 1$bMiAaPQ 801 2$bMiAaPQ 906 $aBOOK 912 $a9910795699203321 996 $aPrestazione dell'organizzatore nel contratto di viaggio$9263177 997 $aUNINA